| 000 | 01422cam a2200325 a 4500 | ||
|---|---|---|---|
| 999 |
_c7003 _d7003 |
||
| 001 | 12034241 | ||
| 003 | GBCCL | ||
| 005 | 20241126110617.0 | ||
| 008 | 000608s2000 ilu b 001 0 eng | ||
| 010 | _a 00055426 | ||
| 020 | _a0802407749 | ||
| 040 |
_aDLC _cDLC _dDLC |
||
| 050 | 0 | 0 |
_aBS2825.3 _b.M29 2000 |
| 082 | 0 | 0 |
_a225.77 _221 _bMAC |
| 100 | 1 |
_aMacArthur, John, _d1939- _91165 |
|
| 245 | 1 | 0 |
_aRevelation 12-22 / _cJohn MacArthur, Jr. |
| 246 | 3 | _aRevelation twelve-twenty two | |
| 260 |
_aChicago, Ill. : _bMoody Press, _cc2000. |
||
| 300 |
_aviii, 334 p. ; _c24 cm. |
||
| 490 | 1 | _aThe MacArthur New Testament commentary | |
| 504 | _aIncludes bibliographical references (p. 313-314) and indexes. | ||
| 630 | 0 | 0 |
_aBible. _pRevelation, XII-XXII _vCommentaries. _912447 |
| 800 | 1 |
_aMacArthur, John, _d1939- _tMacArthur New Testament commentary. _912401 |
|
| 856 | 4 | 2 |
_3Publisher description _uhttp://www.loc.gov/catdir/enhancements/fy0610/00055426-d.html |
| 856 | 4 | 1 |
_3Table of contents only _uhttp://www.loc.gov/catdir/enhancements/fy1202/00055426-t.html |
| 856 | 4 | 2 |
_3Contributor biographical information _uhttp://www.loc.gov/catdir/enhancements/fy1202/00055426-b.html |
| 906 |
_a7 _bcbc _corignew _d1 _eocip _f20 _gy-gencatlg |
||
| 942 |
_2ddc _cREF |
||